| 000 | 01255nam0a22002771 4500 | ||
|---|---|---|---|
| 001 | rc\3269852 | ||
| 005 | 20260407084015.0 | ||
| 021 |
_aRU _b73-ОЭ-2814/28 |
||
| 021 |
_aRU _bРг9778-73 |
||
| 035 | _a(NLR Aleph) 007391898 | ||
| 090 |
_a6619671 _c6619671 |
||
| 100 | _a20130115d1972 |||y0rusy50 ca | ||
| 101 | 0 | _arus | |
| 102 | _aRU | ||
| 105 | _aa z ||||| | ||
| 200 | 1 |
_aТаблицы для определения инерционных качеств судна _e(Учеб. пособие) _fМ-во мор. флота СССР. Ленингр. высш. инж. морское училище им. адм. С.О. Макарова. Кафедра "Упр. судном" |
|
| 210 |
_aЛенинград _cБ. и. _d1972 |
||
| 215 |
_a29 л. _cчерт. _d30 |
||
| 300 | _aНа 2-м л.: разраб. и сост. кап. дальнего плавания, к. т. н. Цурбан А.И. | ||
| 700 | 1 |
_aЦурбан _bА.И. _gАполлон Иванович _4220 |
|
| 712 | 0 | 2 |
_aЛенинградское высшее инженерное морское училище им. С. О. Макарова _3RU\NLR\AUTH\8811446 _9295569 |
| 801 | 0 |
_aRU _bNLR _gpsbo |
|
| 801 | 1 |
_aRU _bELAR _2rusmarc |
|
| 852 |
_aNLR _j73-9/77 |
||
| 942 | _cBOOK | ||
| 980 | _aNB | ||